| 000 | 00704nam a2200205Ia 4500 | ||
|---|---|---|---|
| 999 |
_c3301 _d3301 |
||
| 003 | OSt | ||
| 005 | 20200511160747.0 | ||
| 008 | 191128t2009 ck a br 000 j spa d | ||
| 020 | _a9789588314211 | ||
| 040 |
_aCO-JMCR _cCO-JMCR |
||
| 041 | 0 | _aspa | |
| 082 | 0 | 4 |
_aC / _bPATp |
| 245 | 1 | 3 | _aEl patito feo / |
| 260 |
_aBogotá : _bToy Cantando, _c ©2009 |
||
| 300 |
_a[30] páginas sin numerar : _bilustraciones a color ; _c12 cm. x 17 cm. |
||
| 490 | 0 | _aLa cajita de los cuentos | |
| 520 | _aUna pata tiene varios patitos, pero uno de ellos es mucho más feo, tosco y torpe que el resto, por lo que todos le dan de lado y se burlan de él. | ||
| 650 |
_aCuentos infantiles _94208 |
||
| 942 |
_2ddc _cBK |
||